[Event "186th open MGU"]
[Site "Sofia"]
[Date "2017.05.27"]
[Round "1.1"]
[White "Metev, Martin"]
[Black "Kostov, Nikolay"]
[Result "0-1"]
[WhiteElo "1972"]
[BlackElo "1674"]
[PlyCount "78"]
[EventDate "2017.05.27"]
[EventType "swiss"]
[EventRounds "6"]
[EventCountry "BUL"]
[SourceDate "2008.07.28"]

1. e4 e5 2. Nf3 Nc6 3. Bb5 Nf6 4. O-O Nxe4 5. Re1 Nd6 6. Nxe5 Nxe5 7. Rxe5+ Be7
8. Bf1 O-O 9. d4 Bf6 10. Re1 Nf5 11. c3 d5 12. Bf4 Be6 13. Nd2 Bg5 14. Bxg5
Qxg5 15. Nf3 Qh6 16. Ne5 Qg5 17. g3 Nd6 18. Bg2 c6 19. f4 Qh6 20. a4 Bf5 21. a5
f6 22. Nd3 Be4 23. Bxe4 Nxe4 24. Qb3 Nd2 25. Qd1 Ne4 26. Nc5 Nxc5 27. dxc5 Rfe8
28. Qb3 Qh5 29. Qxb7 Rxe1+ 30. Rxe1 Re8 31. Re7 Qd1+ 32. Kg2 Qc2+ 33. Kh3 Qf5+
34. g4 Qd3+ 35. Kh4 g5+ 36. fxg5 fxg5+ 37. Kxg5 Qg6+ 38. Kh4 Qf6+ 39. g5 Qxe7
0-1

[Event "186th open MGU"]
[Site "Sofia"]
[Date "2017.05.27"]
[Round "1.2"]
[White "Tsyntsarski, Boyko"]
[Black "Andreev, Dobrotich"]
[Result "1/2-1/2"]
[WhiteElo "1661"]
[BlackElo "1937"]
[PlyCount "103"]
[EventDate "2017.05.27"]
[EventType "swiss"]
[EventRounds "6"]
[EventCountry "BUL"]
[SourceDate "2008.07.28"]

1. e4 c6 2. d4 d5 3. e5 Bf5 4. h4 h6 5. g4 Bd7 6. f4 Qc8 7. Be2 h5 8. g5 g6 9.
c4 dxc4 10. Bxc4 Bg4 11. Qb3 e6 12. Nc3 Nd7 13. Ne4 Nb6 14. Be3 Qd7 15. a4 Nxc4
16. Qxc4 Qd5 17. Qxd5 exd5 18. Nf6+ Nxf6 19. gxf6 Kd7 20. Ne2 Bxe2 21. Kxe2 Ke6
22. Rab1 Bb4 23. Bd2 a5 24. Bxb4 axb4 25. b3 b6 26. Rhc1 Rhc8 27. Rc2 Ra5 28.
Rbc1 c5 29. Kf2 Kf5 30. Kf3 Rc6 31. Ke3 Kg4 32. Rg2+ Kf5 33. Rgc2 Ke6 34. Kf2
Kd7 35. Kf3 c4 36. bxc4 b3 37. Rc3 b2 38. Rb1 Rxa4 39. Rxb2 Raxc4 40. Rxc4 dxc4
41. d5 Rc5 42. Rxb6 c3 43. e6+ fxe6 44. dxe6+ Kc7 45. Rb1 c2 46. Rc1 Kd8 47.
e7+ Ke8 48. Re1 Rf5 49. Rc1 Rxf6 50. Rxc2 Re6 51. Rc5 Kxe7 52. f5 1/2-1/2

[Event "186th open MGU"]
[Site "Sofia"]
[Date "2017.05.27"]
[Round "1.3"]
[White "Gelemerov, Yane"]
[Black "Georgiev, Nikolay Zh"]
[Result "1-0"]
[WhiteElo "1929"]
[BlackElo "1582"]
[PlyCount "77"]
[EventDate "2017.05.27"]
[EventType "swiss"]
[EventRounds "6"]
[EventCountry "BUL"]
[SourceDate "2008.07.28"]

1. e4 e5 2. Bc4 Bc5 3. Nc3 Nf6 4. d3 d6 5. Na4 Bb4+ 6. c3 Ba5 7. b4 Bb6 8. Nxb6
axb6 9. Qe2 Nc6 10. Nf3 Be6 11. Bxe6 fxe6 12. O-O O-O 13. Rd1 Qe8 14. b5 Ne7
15. d4 Qg6 16. Re1 exd4 17. Nxd4 Nh5 18. Qc4 Rfc8 19. Qxe6+ Qxe6 20. Nxe6 h6
21. g4 Kf7 22. Nd4 Nf6 23. g5 hxg5 24. Bxg5 Ra3 25. Nb3 Rca8 26. f3 Rxa2 27.
Bd2 R2a3 28. Kf2 Ng6 29. Be3 Ne5 30. Red1 Nc4 31. Bd4 Rxa1 32. Rxa1 Rxa1 33.
Nxa1 Na3 34. e5 dxe5 35. Bxe5 Nd5 36. Ke2 c5 37. Kd3 g6 38. c4 Ne7 39. Bb2 1-0

[Event "186th open MGU"]
[Site "Sofia"]
[Date "2017.05.27"]
[Round "1.4"]
[White "Anavi, David"]
[Black "Gyurov, Vladimir"]
[Result "0-1"]
[WhiteElo "1491"]
[BlackElo "1915"]
[PlyCount "124"]
[EventDate "2017.05.27"]
[EventType "swiss"]
[EventRounds "6"]
[EventCountry "BUL"]
[SourceDate "2008.07.28"]

1. e4 c5 2. c3 Nc6 3. d4 cxd4 4. cxd4 d6 5. Nc3 a6 6. Nf3 Nf6 7. Be2 e6 8. O-O
Be7 9. Be3 Ng4 10. Bc1 O-O 11. h3 Nf6 12. Be3 Bd7 13. Rc1 Rc8 14. Bd3 Nb4 15.
Bb1 d5 16. e5 Ne8 17. a3 Nc6 18. Qd3 g6 19. b4 Na7 20. Rfe1 Nb5 21. Nxb5 Bxb5
22. Qd2 Rc4 23. Bd3 Rxc1 24. Rxc1 Bxd3 25. Qxd3 Nc7 26. Nh2 Nb5 27. Ng4 h5 28.
Nf6+ Bxf6 29. exf6 Qxf6 30. a4 Nd6 31. Rc7 Rc8 32. Rxc8+ Nxc8 33. Qc2 Qd8 34.
Bg5 Qd7 35. Qc5 Kg7 36. a5 Nd6 37. Qa7 Ne4 38. Bf4 g5 39. Be3 Qb5 40. Qb8 Qxb4
41. Qe5+ Kg6 42. Qh8 Qe1+ 43. Kh2 Nf6 44. h4 Ng4+ 45. Kg3 gxh4+ 46. Kxh4 Qh1+
47. Kg3 Qh2+ 48. Kf3 Nxe3 49. Qg8+ Kf6 50. Qd8+ Kf5 51. fxe3 h4 52. Qh8 Qg3+
53. Ke2 Qxg2+ 54. Kd1 h3 55. Qh5+ Kf6 56. Qh4+ Kg6 57. Qh8 Qg1+ 58. Kd2 h2 59.
Qg8+ Kf6 60. Qd8+ Kg7 61. Qd6 h1=Q 62. Qe5+ Kh7 0-1

[Event "186th open MGU"]
[Site "Sofia"]
[Date "2017.05.27"]
[Round "1.5"]
[White "Stoyanov, Georgi St"]
[Black "Sapareva, Magdalena"]
[Result "1-0"]
[WhiteElo "1892"]
[BlackElo "1481"]
[PlyCount "53"]
[EventDate "2017.05.27"]
[EventType "swiss"]
[EventRounds "6"]
[EventCountry "BUL"]
[SourceDate "2008.07.28"]

1. e4 e5 2. Nf3 Nc6 3. Bc4 h6 4. O-O Nf6 5. d4 exd4 6. e5 Nh7 7. Nxd4 Be7 8. f4
O-O 9. Be3 Nxd4 10. Qxd4 c6 11. Nc3 b5 12. Bd3 Re8 13. Ne4 Qc7 14. b4 a5 15. a3
Nf8 16. f5 Rd8 17. Nd6 Bxd6 18. exd6 Qb8 19. f6 Ne6 20. Qh4 Qxd6 21. fxg7 Nxg7
22. Qxd8+ Qf8 23. Qf6 d6 24. Bxh6 Be6 25. bxa5 d5 26. Rf3 Qc5+ 27. Kh1 1-0

[Event "186th open MGU"]
[Site "Sofia"]
[Date "2017.05.27"]
[Round "1.6"]
[White "Simeonov, Daniel"]
[Black "Ignatov, Bojidar"]
[Result "0-1"]
[WhiteElo "1481"]
[BlackElo "1791"]
[PlyCount "40"]
[EventDate "2017.05.27"]
[EventType "swiss"]
[EventRounds "6"]
[EventCountry "BUL"]
[SourceDate "2008.07.28"]

1. d4 Nf6 2. c4 e6 3. Nf3 d5 4. c5 Be7 5. e3 O-O 6. Bd3 b6 7. b4 a5 8. Bd2 axb4
9. Bxb4 Ba6 10. O-O Ne4 11. Nc3 Nc6 12. Bxa6 Nxb4 13. Bd3 Nxc3 14. Qd2 Ncxa2
15. Bb1 bxc5 16. dxc5 Bxc5 17. Bxa2 Qf6 18. Rfc1 Bd6 19. h3 c5 20. Ne1 Be5 0-1

[Event "186th open MGU"]
[Site "Sofia"]
[Date "2017.05.27"]
[Round "1.7"]
[White "Ruschukov, Boyan"]
[Black "Bakalov, Vladimir"]
[Result "1-0"]
[WhiteElo "1787"]
[BlackElo "1371"]
[PlyCount "53"]
[EventDate "2017.05.27"]
[EventType "swiss"]
[EventRounds "6"]
[EventCountry "BUL"]
[SourceDate "2008.07.28"]

1. d4 Nf6 2. c4 g6 3. Nc3 Bg7 4. e4 d6 5. Nf3 O-O 6. Be2 Bg4 7. O-O Nbd7 8. b4
a5 9. Rb1 b6 10. a3 c5 11. h3 Bxf3 12. Bxf3 Rc8 13. bxc5 bxc5 14. d5 Ne5 15.
Be2 Nfd7 16. Nb5 Nb6 17. Qc2 f5 18. f4 Ned7 19. exf5 Rxf5 20. Bg4 Rf7 21. Be6
Bd4+ 22. Kh2 Nf8 23. Bxf7+ Kxf7 24. f5 Kg8 25. Bh6 Qd7 26. Nxd4 cxd4 27. Rxb6
1-0

[Event "186th open MGU"]
[Site "Sofia"]
[Date "2017.05.27"]
[Round "2.2"]
[White "Gyurov, Vladimir"]
[Black "Ruschukov, Boyan"]
[Result "0-1"]
[WhiteElo "1915"]
[BlackElo "1787"]
[PlyCount "94"]
[EventDate "2017.05.27"]
[EventType "swiss"]
[EventRounds "6"]
[EventCountry "BUL"]
[SourceDate "2008.07.28"]

1. d4 Nf6 2. c4 g6 3. Nc3 Bg7 4. Nf3 O-O 5. e4 d6 6. Be2 e5 7. Bg5 exd4 8. Nxd4
h6 9. Bh4 Re8 10. f3 Nc6 11. O-O Nxd4 12. Qxd4 g5 13. Be1 Nxe4 14. Qd3 Nxc3 15.
Bxc3 Bxc3 16. bxc3 Qe7 17. Kf2 Bf5 18. Qd2 Qe5 19. Rae1 Re7 20. Bd1 Qc5+ 21.
Qd4 Qxd4+ 22. cxd4 Rae8 23. Ba4 Rxe1 24. Rxe1 Rxe1 25. Kxe1 Bd3 26. Bb3 Kf8 27.
Kd2 Bb1 28. Ke3 Ke7 29. c5 dxc5 30. dxc5 Bf5 31. a3 Be6 32. Ba4 c6 33. f4 f5
34. fxg5 hxg5 35. g3 Kf6 36. Kd4 Bd5 37. Bd1 b6 38. a4 f4 39. gxf4 gxf4 40. Be2
Bg2 41. cxb6 axb6 42. Bc4 c5+ 43. Kc3 Ke5 44. h4 Kf5 45. a5 bxa5 46. Bb5 Bd5
47. Bd7+ Be6 0-1

[Event "186th open MGU"]
[Site "Sofia"]
[Date "2017.05.27"]
[Round "2.3"]
[White "Kostov, Nikolay"]
[Black "Stoyanov, Georgi St"]
[Result "0-1"]
[WhiteElo "1674"]
[BlackElo "1892"]
[PlyCount "68"]
[EventDate "2017.05.27"]
[EventType "swiss"]
[EventRounds "6"]
[EventCountry "BUL"]
[SourceDate "2008.07.28"]

1. d4 Nf6 2. e3 e6 3. Bd3 c5 4. c3 d5 5. f4 Be7 6. Nf3 O-O 7. O-O b6 8. Ne5 Bb7
9. b3 Nbd7 10. Nd2 Rc8 11. Rf3 Ne4 12. Rh3 Ndf6 13. Bb2 g6 14. g4 Nxd2 15. Qxd2
Ne4 16. Bxe4 dxe4 17. g5 f6 18. gxf6 Bxf6 19. Qg2 Bxe5 20. fxe5 Rf5 21. Rf1 Qf8
22. Rxf5 Qxf5 23. Rh4 cxd4 24. Rf4 Qxe5 25. cxd4 Qa5 26. Qf2 Bd5 27. h4 Qxa2
28. h5 g5 29. Qg2 h6 30. Rf6 Qxb3 31. Rg6+ Kh7 32. Qf1 Qxe3+ 33. Kh1 Qf4 34.
Qb5 e3+ 0-1

[Event "186th open MGU"]
[Site "Sofia"]
[Date "2017.05.27"]
[Round "2.4"]
[White "Andreev, Dobrotich"]
[Black "Babatov, Martin"]
[Result "1-0"]
[WhiteElo "1937"]
[BlackElo "1741"]
[PlyCount "93"]
[EventDate "2017.05.27"]
[EventType "swiss"]
[EventRounds "6"]
[EventCountry "BUL"]
[SourceDate "2008.07.28"]

1. e4 c6 2. Nc3 d5 3. Nf3 dxe4 4. Nxe4 Bg4 5. h3 Bxf3 6. Qxf3 e6 7. b3 Nf6 8.
Nxf6+ Qxf6 9. Qxf6 gxf6 10. Bb2 Nd7 11. d4 Rg8 12. Bd3 Rxg2 13. Bxh7 f5 14. d5
cxd5 15. h4 Bg7 16. O-O-O Bxb2+ 17. Kxb2 Rg7 18. Bxf5 exf5 19. Rhe1+ Kf8 20.
Rxd5 Nb6 21. Rxf5 Re8 22. Rh1 Kg8 23. Rh3 Kh8 24. Rd3 Rh7 25. a4 Rxh4 26. Rxf7
Rh7 27. Rf6 Kg7 28. Rf5 Rh6 29. a5 Nc8 30. Rd7+ Re7 31. Rd8 Rc6 32. Rd3 Re2 33.
Rg3+ Rg6 34. Rc3 Ne7 35. Rc7 Kg8 36. Rb5 b6 37. a6 Nc6 38. Rd5 Rxf2 39. Rdd7
Nb4 40. Rd8+ Rf8 41. Rxf8+ Kxf8 42. Rxa7 b5 43. Ra8+ Ke7 44. a7 Ra6 45. Rh8
Ra2+ 46. Kb1 Rxa7 47. Rh7+ 1-0

[Event "186th open MGU"]
[Site "Sofia"]
[Date "2017.05.27"]
[Round "2.5"]
[White "Bakalov, Milko"]
[Black "Tsyntsarski, Boyko"]
[Result "0-1"]
[WhiteElo "1774"]
[BlackElo "1661"]
[PlyCount "26"]
[EventDate "2017.05.27"]
[EventType "swiss"]
[EventRounds "6"]
[EventCountry "BUL"]
[SourceDate "2008.07.28"]

1. b3 e5 2. Bb2 d6 3. e3 Be6 4. g3 Nc6 5. Bg2 Nf6 6. Ne2 Qd7 7. d4 Bg4 8. d5
Na5 9. c4 Bh3 10. Bxh3 Qxh3 11. Qd2 b6 12. a3 Ne4 13. Qd1 Be7 {...} 0-1

[Event "186th open MGU"]
[Site "Sofia"]
[Date "2017.05.27"]
[Round "2.8"]
[White "Georgiev, Nikolay Zh"]
[Black "Simeonov, Daniel"]
[Result "0-1"]
[WhiteElo "1582"]
[BlackElo "1481"]
[PlyCount "58"]
[EventDate "2017.05.27"]
[EventType "swiss"]
[EventRounds "6"]
[EventCountry "BUL"]
[SourceDate "2008.07.28"]

1. e4 c5 2. Nc3 Nc6 3. Bc4 e6 4. a3 a6 5. d3 d6 6. Be3 Nf6 7. Ba2 Be7 8. Qf3 h6
9. Qg3 g5 10. Nge2 Bd7 11. O-O Nh7 12. f4 O-O 13. Qh3 Kg7 14. Ng3 Nd4 15. Bxd4+
cxd4 16. Nce2 f5 17. exf5 exf5 18. fxg5 Bxg5 19. Nxf5+ Bxf5 20. Rxf5 Rxf5 21.
Qxf5 Qe7 22. Ng3 Be3+ 23. Kh1 Rf8 24. Qg4+ Kh8 25. Nf5 Qf6 26. Nxe3 dxe3 27.
Qe2 Ng5 28. c3 Qf2 29. Re1 Qxe2 0-1

[Event "186th open MGU"]
[Site "Sofia"]
[Date "2017.05.27"]
[Round "2.9"]
[White "Bakalov, Vladimir"]
[Black "Anavi, David"]
[Result "0-1"]
[WhiteElo "1371"]
[BlackElo "1491"]
[PlyCount "98"]
[EventDate "2017.05.27"]
[EventType "swiss"]
[EventRounds "6"]
[EventCountry "BUL"]
[SourceDate "2008.07.28"]

1. e4 c5 2. Nf3 e6 3. d4 cxd4 4. Nxd4 Nf6 5. Nc3 Bb4 6. f3 Nc6 7. Be3 O-O 8.
Be2 Qa5 9. Qd2 d5 10. Nxc6 bxc6 11. Bd4 dxe4 12. Bxf6 gxf6 13. fxe4 Rd8 14. Qe3
Qg5 15. Qxg5+ fxg5 16. O-O Rd2 17. Bd3 Bxc3 18. bxc3 c5 19. c4 Bb7 20. Rf3 f5
21. Rg3 fxe4 22. Rxg5+ Kf7 23. Rf1+ Ke8 24. Rg8+ Kd7 25. Rg7+ Kd6 26. Rxb7 exd3
27. cxd3 h5 28. Rh7 a5 29. Ra1 Rg8 30. g3 Rxd3 31. Rxh5 Rg4 32. Rh4 Rxh4 33.
gxh4 Rh3 34. Rd1+ Kc6 35. Re1 Rxh4 36. Rxe6+ Kb7 37. Re7+ Kc6 38. Ra7 Kb6 39.
Rd7 Rxc4 40. Rd2 Rc1+ 41. Kf2 c4 42. Ke3 c3 43. Re2 Kb5 44. Kd3 Kb4 45. Re4+
Ka3 46. Rc4 Kb2 47. Rc5 Rd1+ 48. Kc4 c2 49. Rb5+ Ka1 0-1

[Event "186th open MGU"]
[Site "Sofia"]
[Date "2017.05.27"]
[Round "3.1"]
[White "Gelemerov, Yane"]
[Black "Stoyanov, Georgi St"]
[Result "1-0"]
[WhiteElo "1929"]
[BlackElo "1892"]
[PlyCount "58"]
[EventDate "2017.05.27"]
[EventType "swiss"]
[EventRounds "6"]
[EventCountry "BUL"]
[SourceDate "2008.07.28"]

1. e4 c6 2. Nf3 d5 3. Nc3 Bg4 4. h3 Bxf3 5. Qxf3 e6 6. a3 Nd7 7. d3 Ngf6 8. g3
Be7 9. Bg2 d4 10. Nd1 Qb6 11. O-O O-O-O 12. b3 h6 13. Nb2 Qc7 14. Qe2 g6 15.
Bd2 Rhg8 16. Nc4 e5 17. a4 g5 18. b4 Qb8 19. a5 Nf8 20. Rfb1 N8d7 21. c3 Bd6
22. cxd4 exd4 23. a6 b6 24. e5 Nxe5 25. Nxe5 Bxe5 26. Rc1 Rd7 27. Bxc6 Kd8 28.
Bxd7 Nxd7 29. Rc6 f6 1-0

[Event "186th open MGU"]
[Site "Sofia"]
[Date "2017.05.27"]
[Round "3.2"]
[White "Ruschukov, Boyan"]
[Black "Tsyntsarski, Boyko"]
[Result "1-0"]
[WhiteElo "1787"]
[BlackElo "1661"]
[PlyCount "79"]
[EventDate "2017.05.27"]
[EventType "swiss"]
[EventRounds "6"]
[EventCountry "BUL"]
[SourceDate "2008.07.28"]

1. d4 Nf6 2. c4 e6 3. Nc3 b6 4. e4 Bb4 5. e5 Bxc3+ 6. bxc3 Ne4 7. Qg4 d5 8.
Qxg7 Kd7 9. cxd5 Qg8 10. dxe6+ Ke7 11. Ba3+ c5 12. Qxg8 Rxg8 13. exf7 Kxf7 14.
f3 Nxc3 15. dxc5 Be6 16. Kf2 Nd7 17. Bb2 Nxa2 18. cxb6 Rab8 19. Bd4 axb6 20.
Bd3 Nc5 21. Bb1 Nb3 22. Rxa2 Nxd4 23. Ra7+ Kf8 24. Bxh7 Rg7 25. Rxg7 Kxg7 26.
Be4 b5 27. Ne2 Nb3 28. Ke3 b4 29. Rb1 Rb5 30. Rxb3 Bxb3 31. Nd4 Rc5 32. Nxb3
Rc3+ 33. Kd4 Rxb3 34. f4 Rc3 35. f5 Rc1 36. f6+ Kf7 37. Bd5+ Ke8 38. Bc4 Rb1
39. e6 b3 40. Bb5+ 1-0

[Event "186th open MGU"]
[Site "Sofia"]
[Date "2017.05.27"]
[Round "3.5"]
[White "Simeonov, Daniel"]
[Black "Gyurov, Vladimir"]
[Result "0-1"]
[WhiteElo "1481"]
[BlackElo "1915"]
[PlyCount "122"]
[EventDate "2017.05.27"]
[EventType "swiss"]
[EventRounds "6"]
[EventCountry "BUL"]
[SourceDate "2008.07.28"]

1. d4 d5 2. e3 c6 3. Bd3 Nf6 4. h3 Nbd7 5. f4 e6 6. Nf3 Be7 7. O-O O-O 8. c4
Nh5 9. Kh2 Nhf6 10. Nc3 dxc4 11. Bxc4 Nd5 12. a3 b5 13. Bd3 Bb7 14. Nxd5 exd5
15. Ne5 a6 16. b4 Bf6 17. Bb2 Nb6 18. Rc1 Nc4 19. Nxc4 dxc4 20. Bb1 Re8 21. e4
g6 22. e5 Bg7 23. f5 Qd5 24. Rc2 Rad8 25. Qe2 Bc8 26. Rcc1 Bxf5 27. Bxf5 gxf5
28. Rxf5 f6 29. Qg4 fxe5 30. dxe5 Re6 31. Rf6 Rxe5 32. Bxe5 Qxe5+ 33. Rf4 Rf8
34. Rcf1 Rxf4 35. Rxf4 h5 36. Qg3 c3 37. Rf2 h4 38. Qxe5 Bxe5+ 39. Kh1 Bd4 40.
Rc2 Kf7 41. Kh2 Ke6 42. g4 hxg3+ 43. Kxg3 Kd5 44. Kf3 Kc4 45. Ke2 Kb3 46. Kd3
Bh8 47. Rg2 Kxa3 48. Rg6 Kxb4 49. Rxc6 Kb3 50. Rc8 a5 51. Rxh8 a4 52. Rc8 b4
53. h4 a3 54. Rg8 a2 55. Rg1 Kb2 56. h5 a1=Q 57. Rxa1 Kxa1 58. Kc2 Ka2 59. h6
b3+ 60. Kd3 b2 61. h7 b1=Q+ 0-1

[Event "186th open MGU"]
[Site "Sofia"]
[Date "2017.05.27"]
[Round "3.6"]
[White "Babatov, Martin"]
[Black "Kostov, Nikolay"]
[Result "1-0"]
[WhiteElo "1741"]
[BlackElo "1674"]
[PlyCount "49"]
[EventDate "2017.05.27"]
[EventType "swiss"]
[EventRounds "6"]
[EventCountry "BUL"]
[SourceDate "2008.07.28"]

1. d4 e6 2. Bf4 d5 3. e3 a6 4. Nf3 Bd6 5. Bxd6 Qxd6 6. Be2 Qb4+ 7. Nbd2 Qxb2 8.
Rb1 Qa3 9. O-O Nc6 10. c4 Qe7 11. cxd5 exd5 12. Qa4 Qd7 13. Rfc1 Nge7 14. Nb3
b6 15. Rc2 Ra7 16. Rbc1 Bb7 17. Qa3 O-O 18. Ne5 Nxe5 19. Rxc7 Qf5 20. dxe5 Ng6
21. Qd6 Nxe5 22. Qxb6 Rfa8 23. Rxb7 Rxb7 24. Qxb7 Re8 25. Nd4 1-0

[Event "186th open MGU"]
[Site "Sofia"]
[Date "2017.05.27"]
[Round "3.7"]
[White "Anavi, David"]
[Black "Bakalov, Milko"]
[Result "1/2-1/2"]
[WhiteElo "1491"]
[BlackElo "1774"]
[PlyCount "49"]
[EventDate "2017.05.27"]
[EventType "swiss"]
[EventRounds "6"]
[EventCountry "BUL"]
[SourceDate "2008.07.28"]

1. e4 c5 2. c3 d5 3. exd5 Qxd5 4. d4 cxd4 5. cxd4 Nc6 6. Nf3 e6 7. Nc3 Bb4 8.
a3 Bxc3+ 9. bxc3 Nf6 10. c4 Qa5+ 11. Bd2 Qc7 12. Bd3 O-O 13. O-O e5 14. dxe5
Nxe5 15. Bf4 Nxf3+ 16. Qxf3 Qc6 17. Qxc6 bxc6 18. Rfe1 Rd8 19. Rad1 Ba6 20. Rd2
Rd7 21. Red1 Re8 22. h3 h6 23. Bh7+ Kxh7 24. Rxd7 Nxd7 25. Rxd7 1/2-1/2

[Event "186th open MGU"]
[Site "Sofia"]
[Date "2017.05.27"]
[Round "3.9"]
[White "Sapareva, Magdalena"]
[Black "Georgiev, Nikolay Zh"]
[Result "0-1"]
[WhiteElo "1481"]
[BlackElo "1582"]
[PlyCount "100"]
[EventDate "2017.05.27"]
[EventType "swiss"]
[EventRounds "6"]
[EventCountry "BUL"]
[SourceDate "2008.07.28"]

1. b4 d5 2. Bb2 Nf6 3. e3 Bg4 4. Be2 Bxe2 5. Nxe2 Nbd7 6. a3 e6 7. O-O Bd6 8.
h3 c6 9. d3 O-O 10. Nd2 a5 11. c3 Ne5 12. Qc2 Qe7 13. f4 Ned7 14. d4 b5 15. Ng3
Kh8 16. e4 Ng8 17. e5 Bc7 18. f5 Qg5 19. Kh2 Rae8 20. Nf3 Qd8 21. Bc1 f6 22.
fxe6 Rxe6 23. exf6 Ngxf6 24. Ne5 Nxe5 25. dxe5 Bxe5 26. Bf4 Bxf4 27. Rxf4 Rfe8
28. Raf1 a4 29. Qf2 Kg8 30. Nf5 Ne4 31. Qd4 Qf6 32. Qxf6 Rxf6 33. Re1 Nd6 34.
Rxe8+ Nxe8 35. Rf3 Kf7 36. Nd4 Rxf3 37. gxf3 Nd6 38. Nxc6 Nc4 39. Nd4 Nxa3 40.
Kg2 Nc4 41. Kf2 a3 42. Ke2 a2 43. Nb3 Kf6 44. Kd3 Ke5 45. Na1 Kf4 46. Ke2 Na3
47. Kd3 Kxf3 48. Kd4 Ke2 49. Kxd5 Kd3 50. Kc5 Kxc3 0-1

[Event "186th open MGU"]
[Site "Sofia"]
[Date "2017.05.28"]
[Round "4.1"]
[White "Ruschukov, Boyan"]
[Black "Gelemerov, Yane"]
[Result "1/2-1/2"]
[WhiteElo "1787"]
[BlackElo "1929"]
[PlyCount "63"]
[EventDate "2017.05.27"]
[EventType "swiss"]
[EventRounds "6"]
[EventCountry "BUL"]
[SourceDate "2008.07.28"]

1. d4 Nf6 2. c4 e6 3. Nc3 Bb4 4. Nf3 O-O 5. e3 Bxc3+ 6. bxc3 d6 7. Bd3 Nbd7 8.
O-O e5 9. Qc2 Re8 10. Nd2 Nf8 11. Rb1 b6 12. Ne4 Bb7 13. Nxf6+ Qxf6 14. d5 Qe7
15. e4 Bc8 16. Be3 Ng6 17. Qd2 Rf8 18. Rbe1 Bd7 19. f3 h6 20. g3 f5 21. f4 exf4
22. Bxf4 Nxf4 23. Rxf4 Rae8 24. Rff1 fxe4 25. Rxf8+ Qxf8 26. Rxe4 Rxe4 27. Bxe4
Qf6 28. Kg2 Qe5 29. Qd4 Kf7 30. h4 Ke7 31. Qd3 Bg4 32. Kf2 1/2-1/2

[Event "186th open MGU"]
[Site "Sofia"]
[Date "2017.05.28"]
[Round "4.3"]
[White "Stoyanov, Georgi St"]
[Black "Babatov, Martin"]
[Result "1/2-1/2"]
[WhiteElo "1892"]
[BlackElo "1741"]
[PlyCount "94"]
[EventDate "2017.05.27"]
[EventType "swiss"]
[EventRounds "6"]
[EventCountry "BUL"]
[SourceDate "2008.07.28"]

1. e4 c6 2. d4 d5 3. Nc3 dxe4 4. Nxe4 Bf5 5. Ng3 Bg6 6. Nf3 Nd7 7. h4 h6 8. h5
Bh7 9. Bd3 Bxd3 10. Qxd3 Qc7 11. Bd2 Ngf6 12. O-O-O O-O-O 13. Kb1 e6 14. Ne4
Nxe4 15. Qxe4 Nf6 16. Qe2 c5 17. dxc5 Bxc5 18. Rh4 Kb8 19. Rc4 Qb6 20. Ne5 Rhf8
21. Bf4 Rxd1+ 22. Qxd1 Ka8 23. Qf3 Bd4 24. c3 Bxe5 25. Bxe5 Qb5 26. Qe2 Qd5 27.
f3 Nxh5 28. Ra4 f6 29. Bd4 Qf5+ 30. Ka1 Nf4 31. Qd2 a6 32. Be3 Nd5 33. Bf2 Qg5
34. f4 Qxg2 35. a3 Nb6 36. Rb4 Qh1+ 37. Be1 Nd5 38. Rd4 f5 39. Ka2 Rc8 40. Bf2
Qf3 41. c4 Nf6 42. Rd8 Qc6 43. Qd4 b6 44. Rxc8+ Qxc8 45. Qxb6 Qxc4+ 46. Ka1
Qc1+ 47. Ka2 Qc4+ 1/2-1/2

[Event "186th open MGU"]
[Site "Sofia"]
[Date "2017.05.28"]
[Round "4.5"]
[White "Tsyntsarski, Boyko"]
[Black "Anavi, David"]
[Result "1-0"]
[WhiteElo "1661"]
[BlackElo "1491"]
[PlyCount "101"]
[EventDate "2017.05.27"]
[EventType "swiss"]
[EventRounds "6"]
[EventCountry "BUL"]
[SourceDate "2008.07.28"]

1. d4 e6 2. c4 Nf6 3. Nc3 Bb4 4. e3 O-O 5. Bd3 d5 6. Nge2 Nbd7 7. a3 Be7 8.
cxd5 exd5 9. Qc2 c6 10. Ng3 g6 11. O-O c5 12. e4 dxe4 13. Ngxe4 cxd4 14. Nb5
Ne5 15. Bh6 Re8 16. Nxf6+ Bxf6 17. Nc7 Nxd3 18. Nxe8 Qxe8 19. Qxd3 Bf5 20. Qd2
Rc8 21. Rac1 d3 22. Rfe1 Qd8 23. Rxc8 Bxc8 24. Qxd3 Be6 25. Qxd8+ Bxd8 26. Be3
a6 27. Rd1 Bc7 28. Bd4 Kf8 29. Bf6 Ke8 30. Kf1 Bd7 31. h3 Bd8 32. Bxd8 Kxd8 33.
Ke2 Ke7 34. Ke3 h5 35. h4 Bc6 36. g3 Bb5 37. Kd4 Kd6 38. Kc3+ Kc7 39. Kb4 Bc6
40. Re1 Kd6 41. a4 Bd7 42. Rd1+ Kc7 43. a5 Bc6 44. Kc5 Bb5 45. Re1 Kd7 46. Kb6
Bc6 47. Rd1+ Ke7 48. Rc1 Kd6 49. b4 Bf3 50. Rc7 f6 51. Rxb7 1-0

[Event "186th open MGU"]
[Site "Sofia"]
[Date "2017.05.28"]
[Round "4.8"]
[White "Kostov, Nikolay"]
[Black "Simeonov, Daniel"]
[Result "1-0"]
[WhiteElo "1674"]
[BlackElo "1481"]
[PlyCount "59"]
[EventDate "2017.05.27"]
[EventType "swiss"]
[EventRounds "6"]
[EventCountry "BUL"]
[SourceDate "2008.07.28"]

1. d4 e6 2. e3 Nf6 3. Bd3 c5 4. c3 d5 5. f4 b6 6. Nf3 Be7 7. Ne5 Qc7 8. O-O O-O
9. Nd2 Ba6 10. Rf3 Bxd3 11. Nxd3 Nbd7 12. Ne5 Ne4 13. Rh3 Ndf6 14. g4 Nxd2 15.
Bxd2 Ne4 16. g5 f6 17. Qh5 fxe5 18. Qxh7+ Kf7 19. Qh5+ g6 20. Qh7+ Ke8 21. Rd1
exf4 22. Qxg6+ Kd8 23. Qxe6 Nxd2 24. Qxd5+ Bd6 25. Qxa8+ Kd7 26. Rh7+ Be7 27.
Qxf8 Qd6 28. Qxe7+ Qxe7 29. Rxe7+ Kxe7 30. Rxd2 1-0

[Event "186th open MGU"]
[Site "Sofia"]
[Date "2017.05.28"]
[Round "5.1"]
[White "Gelemerov, Yane"]
[Black "Gyurov, Vladimir"]
[Result "1-0"]
[WhiteElo "1929"]
[BlackElo "1915"]
[PlyCount "65"]
[EventDate "2017.05.27"]
[EventType "swiss"]
[EventRounds "6"]
[EventCountry "BUL"]
[SourceDate "2008.07.28"]

1. e4 c5 2. Nc3 Nc6 3. Bb5 a6 4. Bxc6 bxc6 5. d3 Nf6 6. Nge2 e6 7. O-O d5 8.
Ng3 d4 9. Nb1 e5 10. Nd2 Bd6 11. Nc4 O-O 12. f4 exf4 13. Bxf4 Bxf4 14. Rxf4 Be6
15. b3 Bxc4 16. bxc4 Qc7 17. Qf3 Nd7 18. Rf1 Ne5 19. Qh5 Ng6 20. Rg4 Qa5 21. h4
Rae8 22. Nf5 Qd2 23. Rg3 Kh8 24. Qg4 Rg8 25. Nd6 Ne5 26. Nxf7+ Nxf7 27. Rxf7 g6
28. Qd7 Qh6 29. Qxc6 Rb8 30. Qf6+ Rg7 31. Rf8+ Rxf8 32. Qxf8+ Rg8 33. Qxh6 1-0

[Event "186th open MGU"]
[Site "Sofia"]
[Date "2017.05.28"]
[Round "5.2"]
[White "Ignatov, Bojidar"]
[Black "Ruschukov, Boyan"]
[Result "0-1"]
[WhiteElo "1791"]
[BlackElo "1787"]
[PlyCount "56"]
[EventDate "2017.05.27"]
[EventType "swiss"]
[EventRounds "6"]
[EventCountry "BUL"]
[SourceDate "2008.07.28"]

1. e4 c5 2. Nf3 d6 3. d4 cxd4 4. Nxd4 Nf6 5. Nc3 a6 6. Bg5 e6 7. f4 Nbd7 8. Qf3
Qc7 9. O-O-O Be7 10. g4 b5 11. Bxf6 gxf6 12. h4 b4 13. Nce2 Bb7 14. Ng3 d5 15.
Bd3 Nc5 16. Rhe1 dxe4 17. Nxe4 O-O-O 18. Nb3 f5 19. gxf5 exf5 20. Nbxc5 Bxc5
21. Qh3 Qxf4+ 22. Nd2 Kb8 23. Bxf5 Rd4 24. Rf1 Qxh4 25. Qe3 Rhd8 26. Qe2 Rf4
27. Nb3 Rxd1+ 28. Qxd1 Qg5 0-1